[Event "4NCL Online Division 4"]
[Site "online"]
[Date "2021.03.09"]
[EventDate "2021.03.09"]
[Round "4.51"]
[White "O'Byrne, Daniel"]
[WhiteElo "1844"]
[WhiteTeam "War & Piece 1"]
[Black "Shaw, David K"]
[BlackElo "1641"]
[BlackTeam "Watford 3"]
[Result "1-0"]
[PlyCount "67"]

1. e4 e6 2. d4 d5 3. Nc3 Bb4 4. e5 Ne7 5. a3 Bxc3+ 6. bxc3 c5 7. Rb1 b6 8. Bb5+ Bd7 9. Bd3 Qc7 10. Qg4 c4 11. Be2 Nf5 12. Nh3 Ba4 13. Bd1 Nd7 14. O-O O-O-O 15. Nf4 Nf8 16. Rb4 Qc6 17. Nh5 Ng6 18. Qh3 Rdg8 19. g4 Nfe7 20. f4 f5 21. exf6 gxf6 22. Nxf6 Rg7 23. Nh5 Rgg8 24. Kh1 Qd7 25. Nf6 Qd8 26. Nxg8 Bd7 27. Nxe7+ Qxe7 28. Bf3 Rf8 29. Qg3 Rf7 30. a4 Qf8 31. Bg2 e5 32. f5 exd4 33. Bxd5 dxc3 34. Rxc4+ 1-0

[Event "4NCL Online Division 4"]
[Site "online"]
[Date "2021.03.09"]
[EventDate "2021.03.09"]
[Round "4.52"]
[White "Vig, Sanjay"]
[WhiteElo "1638"]
[WhiteTeam "Watford 3"]
[Black "Kelly, Richard"]
[BlackElo "1795"]
[BlackTeam "War & Piece 1"]
[Result "1/2-1/2"]
[PlyCount "63"]

1. e4 e6 2. d4 d5 3. e5 c5 4. c3 Nc6 5. Nf3 cxd4 6. cxd4 Nge7 7. Bd3 Nf5 8. Bxf5 exf5 9. O-O Be7 10. a3 O-O 11. Nbd2 Bd7 12. b4 Rc8 13. Nb3 Kh8 14. Nc5 b6 15. Nxd7 Qxd7 16. Qd3 f6 17. Bb2 fxe5 18. Nxe5 Nxe5 19. dxe5 Rfd8 20. Rfd1 Qe6 21. Bd4 Rc4 22. Rac1 Bg5 23. Be3 Rxc1 24. Rxc1 f4 25. Bd4 f3 26. Rc7 Qg4 27. g3 Qe4 28. Rc3 Qe1+ 29. Qf1 Qe4 30. Qd3 Qe1+ 31. Qf1 Qe4 32. Qd3 1/2-1/2

[Event "4NCL Online Division 4"]
[Site "online"]
[Date "2021.03.09"]
[EventDate "2021.03.09"]
[Round "4.53"]
[White "Ross, David C"]
[WhiteElo "1668"]
[WhiteTeam "War & Piece 1"]
[Black "Hylands, Keith"]
[BlackElo "1423"]
[BlackTeam "Watford 3"]
[Result "1-0"]
[PlyCount "87"]

1. e4 e5 2. Nf3 Nc6 3. d4 exd4 4. Bc4 Be7 5. O-O Nf6 6. e5 Ng4 7. Re1 d5 8. Bb5 a6 9. Bxc6+ bxc6 10. h3 Nh6 11. Nxd4 c5 12. Nc6 Qd7 13. Nxe7 Qxe7 14. Qxd5 Rb8 15. b3 Bb7 16. Qd3 Rd8 17. Qg3 Nf5 18. Qg5 Qe6 19. Na3 O-O 20. Bb2 Rd7 21. Rad1 h6 22. Qg4 Rfd8 23. Rxd7 Rxd7 24. Rd1 Rxd1+ 25. Qxd1 Nh4 26. Qd8+ Kh7 27. Qxh4 Qg6 28. Qg4 Qc6 29. e6 f6 30. f4 Qe4 31. f5 Qe3+ 32. Kh2 Qd2 33. Qg3 Qd8 34. Nc4 Bc6 35. Qd3 Qe8 36. Ne3 Qh5 37. Ng4 Qg5 38. Qe3 Qxf5 39. e7 Qxc2 40. Qf2 Qe4 41. Qf3 Qe6 42. Qe3 Qd6+ 43. g3 Qd1 44. Nf2 1-0

[Event "4NCL Online Division 4"]
[Site "online"]
[Date "2021.03.09"]
[EventDate "2021.03.09"]
[Round "4.54"]
[White "Nokes, Oliver"]
[WhiteElo "1270"]
[WhiteTeam "Watford 3"]
[Black "Townend, Ron"]
[BlackElo "1578"]
[BlackTeam "War & Piece 1"]
[Result "0-1"]
[PlyCount "63"]

1. e4 e5 2. Nf3 Nc6 3. Bc4 Nf6 4. d3 h6 5. O-O Bc5 6. c3 O-O 7. b4 Bb6 8. a4 a6 9. h3 d6 10. Re1 Bd7 11. d4 Re8 12. d5 Ne7 13. Be3 Bxe3 14. Rxe3 Ng6 15. Nbd2 Nh5 16. Nh2 Nhf4 17. Bf1 Rf8 18. c4 f5 19. c5 Ne7 20. g3 Nfg6 21. Rc1 f4 22. Rf3 Qe8 23. b5 axb5 24. axb5 Bxb5 25. Bxb5 Qxb5 26. cxd6 cxd6 27. Rb3 Qd7 28. g4 Rfc8 29. Rcb1 Rab8 30. Nhf3 Qa4 31. h4 Qd7 32. Nc4 0-1

[Event "4NCL Online Division 4"]
[Site "online"]
[Date "2021.03.09"]
[EventDate "2021.03.09"]
[Round "4.61"]
[White "Gajdosz, Marek"]
[WhiteElo "1932"]
[WhiteTeam "Darnall & Handsworth"]
[Black "Marshall, John R"]
[BlackElo "1682"]
[BlackTeam "Temple Sutton"]
[Result "1-0"]
[PlyCount "109"]

1. d4 Nf6 2. Nf3 g6 3. g3 Bg7 4. Bg2 O-O 5. O-O d6 6. Re1 Bg4 7. h3 Bd7 8. c4 Nc6 9. d5 Nb8 10. e4 c6 11. Nc3 cxd5 12. cxd5 Na6 13. Nd4 Nc5 14. b4 Na6 15. Rb1 Rc8 16. Qd3 Qc7 17. Nde2 Qc4 18. Qxc4 Rxc4 19. a3 Rfc8 20. Bd2 h5 21. Rec1 Nh7 22. f3 Nc7 23. Nd1 Nb5 24. Rxc4 Rxc4 25. Ne3 Rc8 26. a4 Nd4 27. Kf2 a6 28. a5 Bb5 29. Rc1 Rxc1 30. Nxc1 Nf8 31. Bf1 Bxf1 32. Nxf1 Nd7 33. Ne3 b6 34. Nc4 bxa5 35. Nxa5 Ne5 36. f4 Nd7 37. Nc6 Kf8 38. Bc3 Nb5 39. Bxg7+ Kxg7 40. Nxe7 Nf6 41. e5 dxe5 42. fxe5 Nd7 43. Nd3 Nc3 44. Ke3 Kf8 45. d6 Nb5 46. Nd5 Ke8 47. Ke4 f6 48. Nxf6+ Nxf6+ 49. exf6 Nxd6+ 50. Kd5 Nb5 51. Ne5 Nc7+ 52. Kc6 Nb5 53. Kb6 Nd4 54. Kxa6 Nf5 55. b5 1-0

[Event "4NCL Online Division 4"]
[Site "online"]
[Date "2021.03.09"]
[EventDate "2021.03.09"]
[Round "4.62"]
[White "Perks, Gary M"]
[WhiteElo "1577"]
[WhiteTeam "Temple Sutton"]
[Black "Brown, Geoffrey D"]
[BlackElo "1743"]
[BlackTeam "Darnall & Handsworth"]
[Result "1/2-1/2"]
[PlyCount "96"]

1. d4 e6 2. Bf4 f5 3. h3 Nf6 4. Nf3 Be7 5. e3 O-O 6. Bc4 Kh8 7. Nbd2 d6 8. c3 Qe8 9. Qc2 a5 10. O-O-O b5 11. Bd3 Na6 12. g4 b4 13. gxf5 bxc3 14. bxc3 Rb8 15. Rdg1 Nd5 16. Bg5 exf5 17. Bxe7 Qxe7 18. a3 c5 19. Nc4 Bb7 20. Rg3 cxd4 21. exd4 f4 22. Re1 fxg3 23. Rxe7 Nxe7 24. Be4 gxf2 25. Ne3 d5 26. Bxd5 Nxd5 27. Qxf2 Nxe3 28. Qxe3 Rxf3 29. Qe5 Rxc3+ 30. Kd2 Rxa3 31. h4 h6 32. h5 a4 33. d5 Rf8 34. Ke2 Raf3 35. d6 a3 36. d7 a2 37. Qa5 Rf1 38. d8=Q Rxd8 39. Qxd8+ Kh7 40. Qd3+ Kg8 41. Qb3+ Kf8 42. Qa3+ Ke8 43. Kxf1 Nb4 44. Ke2 Bd5 45. Kd2 Bf7 46. Kc3 Nd5+ 47. Kb2 Nf4 48. Qa8+ Ke7 1/2-1/2

[Event "4NCL Online Division 4"]
[Site "online"]
[Date "2021.03.09"]
[EventDate "2021.03.09"]
[Round "4.63"]
[White "Brennan, Oliver"]
[WhiteElo "1687"]
[WhiteTeam "Darnall & Handsworth"]
[Black "Pool, Melvin R"]
[BlackElo "1579"]
[BlackTeam "Temple Sutton"]
[Result "1-0"]
[PlyCount "49"]

1. d4 e5 2. dxe5 Nc6 3. Nf3 Qe7 4. Bf4 Qb4+ 5. Bd2 Qxb2 6. Nc3 Bb4 7. Rb1 Qa3 8. Nd5 Bxd2+ 9. Qxd2 Qxa2 10. Rd1 Kd8 11. e4 Nge7 12. Be2 Qa5 13. c3 Nxd5 14. exd5 Ne7 15. Ng5 Ke8 16. O-O a6 17. Rfe1 h6 18. Ne4 Ng6 19. Bh5 b5 20. Nd6+ Kd8 21. Nxf7+ Ke7 22. Nxh8 Nxh8 23. d6+ Kd8 24. Qf4 cxd6 25. exd6 1-0

[Event "4NCL Online Division 4"]
[Site "online"]
[Date "2021.03.09"]
[EventDate "2021.03.09"]
[Round "4.64"]
[White "Clancy, Mark"]
[WhiteElo "1485"]
[WhiteTeam "Temple Sutton"]
[Black "Oughton, John M"]
[BlackElo "1138"]
[BlackTeam "Darnall & Handsworth"]
[Result "0-1"]
[PlyCount "108"]

1. e4 e5 2. Nf3 Nc6 3. Nc3 Nf6 4. d3 g6 5. Be2 Bg7 6. Be3 O-O 7. O-O d6 8. Qd2 Ng4 9. Rad1 Nxe3 10. Qxe3 Ne7 11. Rfe1 Be6 12. d4 exd4 13. Nxd4 Bxd4 14. Qxd4 Nc6 15. Qe3 Ne5 16. a3 a6 17. h3 Bc4 18. f4 Bxe2 19. Qxe2 Nc6 20. e5 Qd7 21. Nd5 Kh8 22. Nf6 Qf5 23. Qf2 Rad8 24. Qh4 h5 25. Rf1 Ne7 26. g4 Qxc2 27. gxh5 g5 28. Qxg5 Rg8 29. Nxg8 Rxg8 30. Qxg8+ Nxg8 31. Rc1 Qxb2 32. exd6 Qb6+ 33. Kh1 Qxd6 34. Rce1 Nf6 35. h6 Kh7 36. Rd1 Qxa3 37. Kh2 b5 38. Rg1 Qb2+ 39. Kh1 a5 40. Rd8 Qb4 41. f5 a4 42. Rc8 Qe4+ 43. Kh2 Qe5+ 44. Kh1 c5 45. Rf8 Qd5+ 46. Rg2 Qd1+ 47. Rg1 Qd5+ 48. Rg2 a3 49. Kh2 Qe5+ 50. Kh1 Qd5 51. Kg1 Qd4+ 52. Kh1 Qd5 53. Kg1 Qd1+ 54. Kh2 Qd6+ 0-1

[Event "4NCL Online Division 4"]
[Site "online"]
[Date "2021.03.09"]
[EventDate "2021.03.09"]
[Round "4.71"]
[White "Foister, Steven A M"]
[WhiteElo "2099"]
[WhiteTeam "Maidenhead 1"]
[Black "Penny, Liam"]
[BlackElo "1743"]
[BlackTeam "Cheshire Cats"]
[Result "1-0"]
[PlyCount "101"]

1. e4 d5 2. exd5 Nf6 3. Bb5+ Nbd7 4. Nc3 a6 5. Ba4 b5 6. Bb3 Nc5 7. Nge2 Nxb3 8. axb3 Bb7 9. O-O Nxd5 10. d3 e6 11. Nf4 Nxf4 12. Bxf4 Bd6 13. Qg4 Bxf4 14. Qxf4 O-O 15. Rfe1 Qd6 16. Qg5 h6 17. Qh4 Rfe8 18. Re3 Qe7 19. Qh5 Qg5 20. Qxg5 hxg5 21. Ne4 Bxe4 22. Rxe4 f5 23. Re5 Kf7 24. f3 Red8 25. Rc5 Ra7 26. Rxb5 Rd5 27. Rxd5 exd5 28. b4 c6 29. Kf2 Ke6 30. Ke3 Ke5 31. d4+ Kf6 32. b3 Ke6 33. Kd3 Kd6 34. c4 Kc7 35. Re1 Kd6 36. c5+ Kd7 37. Re5 g6 38. g4 a5 39. gxf5 gxf5 40. Rxf5 Ke6 41. Rxg5 axb4 42. Rg6+ Kf5 43. Rxc6 Ra3 44. Rd6 Rxb3+ 45. Kc2 Rc3+ 46. Kb2 Rxf3 47. Rxd5+ Kf6 48. h4 Rh3 49. h5 Kg7 50. c6 Rc3 51. Rc5 1-0

[Event "4NCL Online Division 4"]
[Site "online"]
[Date "2021.03.09"]
[EventDate "2021.03.09"]
[Round "4.72"]
[White "Bailey, Adrian"]
[WhiteElo "1709"]
[WhiteTeam "Cheshire Cats"]
[Black "Milnes, Anthony C P"]
[BlackElo "1933"]
[BlackTeam "Maidenhead 1"]
[Result "0-1"]
[PlyCount "86"]

1. Nf3 e6 2. d4 f5 3. c4 Nf6 4. g3 Bb4+ 5. Bd2 Qe7 6. a3 Bxd2+ 7. Nbxd2 d6 8. Bg2 e5 9. O-O O-O 10. Qb3 e4 11. Ne1 Nc6 12. Nc2 Nd8 13. f3 Re8 14. fxe4 fxe4 15. Ne3 Nc6 16. Qc3 Bd7 17. b4 b6 18. b5 Na5 19. Nf5 Bxf5 20. Rxf5 Rf8 21. Raf1 Rae8 22. Qe3 Ng4 23. Rxf8+ Rxf8 24. Rxf8+ Qxf8 25. Qf4 Qxf4 26. gxf4 e3 27. Nb1 Kf8 28. Bd5 Nf6 29. Kg2 Nxd5 30. cxd5 Nb3 31. a4 Nxd4 32. Nc3 Kf7 33. Kg3 Kg6 34. Nd1 Nxe2+ 35. Kf3 Nxf4 36. Nxe3 Nd3 37. Nd1 Kf5 38. Ke3 Nc5 39. Nc3 g5 40. Kf3 g4+ 41. Ke3 h5 42. Kf2 Ne4+ 43. Ke3 Nxc3 0-1

[Event "4NCL Online Division 4"]
[Site "online"]
[Date "2021.03.09"]
[EventDate "2021.03.09"]
[Round "4.73"]
[White "Smith, Nigel D"]
[WhiteElo "1884"]
[WhiteTeam "Maidenhead 1"]
[Black "Cox, Paul"]
[BlackElo "1590"]
[BlackTeam "Cheshire Cats"]
[Result "0-1"]
[PlyCount "120"]

1. d4 d5 2. c4 e6 3. g3 Nf6 4. Bg2 Be7 5. Nf3 O-O 6. O-O dxc4 7. Ne5 Nbd7 8. Nxc4 c6 9. a4 Nb6 10. Ne5 Nbd7 11. Nc4 c5 12. Nc3 Nb6 13. Nxb6 axb6 14. d5 Nxd5 15. Nxd5 exd5 16. Bxd5 b5 17. e4 Qb6 18. Qb3 Ra6 19. Bd2 bxa4 20. Qxb6 Rxb6 21. Bc3 Ra6 22. Bc4 Ra7 23. Bb5 Bh3 24. Rfd1 Rfa8 25. f3 Be6 26. Be5 Bb3 27. Rd2 Rd8 28. Rxd8+ Bxd8 29. Kf2 Ra5 30. Bd7 b5 31. Rc1 Be7 32. Bf4 b4 33. Be5 f6 34. Bf4 a3 35. bxa3 bxa3 36. Bd2 Ra7 37. Bc6 Rc7 38. Bb5 c4 39. Bc3 Rb7 40. Bc6 Rb6 41. Bd5+ Kf8 42. Ke3 Bc5+ 43. Bd4 Bxd4+ 44. Kxd4 a2 45. Kc3 Ke7 46. Kb2 Kd6 47. f4 Kc5 48. Kc3 Ra6 49. Ra1 Ra3 50. Kb2 Kb4 51. Rc1 c3+ 52. Ka1 Bxd5 53. exd5 Kc5 54. d6 Kxd6 55. Rc2 Kc5 56. Rxa2 Rxa2+ 57. Kxa2 Kc4 58. Kb1 Kd3 59. Kc1 c2 60. h4 f5 0-1

[Event "4NCL Online Division 4"]
[Site "online"]
[Date "2021.03.09"]
[EventDate "2021.03.09"]
[Round "4.74"]
[White "Fisher, Peter"]
[WhiteElo "1622"]
[WhiteTeam "Cheshire Cats"]
[Black "Iyengar, Srihari R"]
[BlackElo "1873"]
[BlackTeam "Maidenhead 1"]
[Result "0-1"]
[PlyCount "46"]

1. e4 d6 2. d4 Nf6 3. Nc3 e6 4. Nf3 Be7 5. Be2 O-O 6. O-O c5 7. Be3 cxd4 8. Nxd4 Nc6 9. Qd2 a6 10. a4 Bd7 11. f3 Rc8 12. Rfd1 Ne5 13. b3 d5 14. f4 Bb4 15. fxe5 Bxc3 16. Qd3 dxe4 17. Nxe6 exd3 18. Nxd8 dxe2 19. exf6 exd1=R+ 20. Rxd1 Rfxd8 21. Bb6 Bxf6 22. Bxd8 Rxd8 23. c4 Kf8 0-1

[Event "4NCL Online Division 4"]
[Site "online"]
[Date "2021.03.09"]
[EventDate "2021.03.09"]
[Round "4.81"]
[White "McLean, Ian"]
[WhiteElo "2013"]
[WhiteTeam "Spirit of Atticus B"]
[Black "Amir, Zain"]
[BlackElo "1425"]
[BlackTeam "Warwickshire Bears C"]
[Result "1-0"]
[PlyCount "75"]

1. f4 d5 2. Nf3 Nc6 3. g3 Bf5 4. Bg2 Nf6 5. O-O e6 6. d3 Bc5+ 7. Kh1 O-O 8. c3 Rb8 9. b4 Bb6 10. a4 a5 11. b5 Ne7 12. Nh4 Bg4 13. h3 Bh5 14. Qe1 c6 15. e4 dxe4 16. dxe4 h6 17. f5 exf5 18. Bf4 Rc8 19. exf5 g5 20. fxg6 Nxg6 21. Nxg6 Bxg6 22. Bxh6 Re8 23. Qc1 Ne4 24. Bf4 Qd3 25. Nd2 Nxg3+ 26. Bxg3 Qxg3 27. Rf3 Qh4 28. Qf1 Re6 29. Rf4 Qe7 30. Be4 Bxe4+ 31. Nxe4 Rxe4 32. Qg2+ Kf8 33. Rxe4 Qc5 34. Rg4 Ke7 35. Re1+ Kd7 36. Rd4+ Kc7 37. Qg3+ Qd6 38. Qxd6# 1-0

[Event "4NCL Online Division 4"]
[Site "online"]
[Date "2021.03.09"]
[EventDate "2021.03.09"]
[Round "4.82"]
[White "Johal, Amrissa Kaur"]
[WhiteElo "1392"]
[WhiteTeam "Warwickshire Bears C"]
[Black "Bimpson, Tom"]
[BlackElo "1971"]
[BlackTeam "Spirit of Atticus B"]
[Result "0-1"]
[PlyCount "122"]

1. d4 d6 2. Nf3 Nf6 3. Nc3 Nbd7 4. e4 e5 5. dxe5 dxe5 6. Bg5 Be7 7. Bxf6 Bxf6 8. Bc4 O-O 9. O-O c6 10. Qd2 Qc7 11. Rfd1 Nb6 12. Bb3 Bg4 13. Qe3 Rad8 14. h3 Bh5 15. Re1 h6 16. Rad1 a5 17. Rd3 Rxd3 18. Qxd3 Rd8 19. Qe2 Nd7 20. Rd1 b5 21. a3 Nc5 22. Rxd8+ Qxd8 23. Ba2 b4 24. axb4 axb4 25. Nb1 Qa5 26. Bc4 Qa1 27. Qe1 Qxb2 28. c3 bxc3 29. Nxc3 Qb4 30. Ba2 Bg6 31. g3 Nxe4 32. Nxe4 Qxe1+ 33. Nxe1 Bxe4 34. f3 Bd5 35. Kf2 Bxa2 36. f4 exf4 37. gxf4 Bh4+ 38. Ke2 Bxe1 39. Kxe1 Kf8 40. Ke2 Ke7 41. Ke3 Kd6 42. Ke4 g6 43. f5 g5 44. Kd4 Bd5 45. Ke3 Ke5 46. Kd3 c5 47. Kc3 Kxf5 48. Kd3 Ke5 49. Ke3 Be4 50. Ke2 Kd4 51. Kd2 c4 52. Kc1 c3 53. Kd1 Kc4 54. Kc1 Kb3 55. Kd1 Kb2 56. Ke2 c2 57. h4 c1=Q 58. h5 Qf4 59. Kd1 Bf3+ 60. Ke1 Qe3+ 61. Kf1 Qe2+ 0-1

[Event "4NCL Online Division 4"]
[Site "online"]
[Date "2021.03.09"]
[EventDate "2021.03.09"]
[Round "4.83"]
[White "Buckley, Colm"]
[WhiteElo "1931"]
[WhiteTeam "Spirit of Atticus B"]
[Black "Nasibova, Margarita"]
[BlackElo "1330"]
[BlackTeam "Warwickshire Bears C"]
[Result "1-0"]
[PlyCount "53"]

1. d4 Nf6 2. c4 g6 3. Nc3 Bg7 4. e4 d6 5. Be2 Nbd7 6. Nf3 O-O 7. O-O h6 8. h3 e5 9. dxe5 dxe5 10. Be3 Nh5 11. Qd2 Kh7 12. Rad1 Qe7 13. Nd5 Qd8 14. g4 c6 15. gxh5 cxd5 16. hxg6+ fxg6 17. Qxd5 Qf6 18. Qd6 Qf7 19. Kh2 Re8 20. Rg1 Re6 21. Qd5 Nb6 22. Qd3 Bd7 23. c5 Ba4 24. b3 Bf6 25. bxa4 Rd8 26. Qb3 Rxd1 27. Qxd1 1-0

[Event "4NCL Online Division 4"]
[Site "online"]
[Date "2021.03.09"]
[EventDate "2021.03.09"]
[Round "4.84"]
[White "Vaidyanathan, Sathya"]
[WhiteElo "1219"]
[WhiteTeam "Warwickshire Bears C"]
[Black "White, Colin"]
[BlackElo "1628"]
[BlackTeam "Spirit of Atticus B"]
[Result "0-1"]
[PlyCount "80"]

1. e4 c5 2. Nf3 d6 3. Bc4 Nf6 4. Nc3 e6 5. a3 Be7 6. d3 Nbd7 7. Be3 a6 8. Qd2 b5 9. Ba2 Bb7 10. h3 Qc7 11. Ne2 c4 12. Rc1 d5 13. exd5 Bxd5 14. Ned4 e5 15. Nf5 g6 16. Nxe7 Kxe7 17. Qb4+ Ke8 18. dxc4 bxc4 19. Rd1 Rb8 20. Qc3 Ne4 21. Rxd5 Nxc3 22. bxc3 Rb2 23. Bxc4 Rb1+ 24. Rd1 Rxd1+ 25. Kxd1 Qxc4 26. Kd2 Ke7 27. Bg5+ f6 28. Be3 Qd5+ 29. Ke2 Qb5+ 30. Kd2 Rd8 31. Kc1 Qa5 32. Nd2 Qxa3+ 33. Kb1 Rb8+ 34. Nb3 a5 35. Ba7 Rb7 36. Be3 a4 37. Rd1 axb3 38. Bc5+ Nxc5 39. Re1 Qa2+ 40. Kc1 Qxc2# 0-1

[Event "4NCL Online Division 4"]
[Site "online"]
[Date "2021.03.09"]
[EventDate "2021.03.09"]
[Round "4.91"]
[White "Whatmore, Steve"]
[WhiteElo "1810"]
[WhiteTeam "Rugeley Rangers"]
[Black "Pines, Chris"]
[BlackElo "1536"]
[BlackTeam "St Albans 2"]
[Result "1-0"]
[PlyCount "67"]

1. d4 b5 2. e4 Bb7 3. Bd3 Nf6 4. Nd2 e6 5. f3 b4 6. Ne2 Nc6 7. c4 bxc3 8. bxc3 Be7 9. O-O O-O 10. Qc2 d6 11. Rb1 Rb8 12. Re1 Qd7 13. Nf1 e5 14. d5 Nd8 15. Be3 Ra8 16. Nfg3 c5 17. Nf5 a5 18. Rb2 g6 19. Nxe7+ Qxe7 20. Reb1 Kg7 21. Qc1 Ng8 22. Rb6 f6 23. Ng3 Bc8 24. a4 Bd7 25. Bb5 Bxb5 26. R1xb5 Ra7 27. Qb2 Rf7 28. c4 Qf8 29. Bd2 Ne7 30. Rxa5 Rxa5 31. Bxa5 Nc8 32. Rb8 Ra7 33. Rxc8 Rxa5 34. Qb6 1-0

[Event "4NCL Online Division 4"]
[Site "online"]
[Date "2021.03.09"]
[EventDate "2021.03.09"]
[Round "4.92"]
[White "Wicks, Ben"]
[WhiteElo "1450"]
[WhiteTeam "St Albans 2"]
[Black "Carr, Matthew"]
[BlackElo "1688"]
[BlackTeam "Rugeley Rangers"]
[Result "1/2-1/2"]
[PlyCount "58"]

1. e4 e6 2. d4 d5 3. Nd2 Nf6 4. Bd3 c5 5. e5 Nfd7 6. c3 Nc6 7. Ne2 Be7 8. h3 Qb6 9. Nf3 cxd4 10. cxd4 f6 11. exf6 Bxf6 12. Bb1 Qb4+ 13. Qd2 Qxd2+ 14. Bxd2 O-O 15. Ng5 Bxg5 16. Bxg5 e5 17. dxe5 Ndxe5 18. O-O h6 19. Bh4 g5 20. Bg3 Nc4 21. b3 Nd2 22. Rd1 Nxb1 23. Raxb1 Bf5 24. Rb2 Rad8 25. Nd4 Nxd4 26. Rxd4 Rfe8 27. f3 Re3 28. Rbd2 Be6 29. Bf2 Rc3 1/2-1/2

[Event "4NCL Online Division 4"]
[Site "online"]
[Date "2021.03.09"]
[EventDate "2021.03.09"]
[Round "4.93"]
[White "Sullivan, Luke"]
[WhiteElo "1571"]
[WhiteTeam "Rugeley Rangers"]
[Black "Feldman, Keith"]
[BlackElo "1351"]
[BlackTeam "St Albans 2"]
[Result "1-0"]
[PlyCount "77"]

1. c4 Nc6 2. Nf3 e5 3. Nc3 Bc5 4. g3 d6 5. Bg2 Be6 6. O-O Nf6 7. d3 O-O 8. a3 a5 9. Bd2 Qd7 10. Re1 Bh3 11. Bh1 Rfe8 12. Qc2 Ng4 13. Ne4 Nd4 14. Nxd4 Bxd4 15. e3 Bb6 16. Ng5 Qf5 17. Nxh3 c6 18. Bg2 Re6 19. f3 Nf6 20. Nf2 Ree8 21. e4 Qh5 22. Be3 Bxe3 23. Rxe3 Qg5 24. Rae1 Nh5 25. Nh3 Qg6 26. Qf2 Re6 27. R3e2 Rf8 28. f4 f5 29. exf5 Rxf5 30. Qe3 Nf6 31. fxe5 dxe5 32. Qb6 Qe8 33. Qxa5 Nd7 34. d4 b6 35. Qd2 c5 36. Bd5 Nf6 37. Bxe6+ Qxe6 38. dxe5 Nh5 39. Qd5 1-0

[Event "4NCL Online Division 4"]
[Site "online"]
[Date "2021.03.09"]
[EventDate "2021.03.09"]
[Round "4.94"]
[White "Harris, Stuart"]
[WhiteElo "1240"]
[WhiteTeam "St Albans 2"]
[Black "Wood, Ryan"]
[BlackElo "1428"]
[BlackTeam "Rugeley Rangers"]
[Result "1/2-1/2"]
[PlyCount "122"]

1. d4 d5 2. Nf3 Nf6 3. e3 Bf5 4. Bd3 Bg6 5. O-O e6 6. b3 Bd6 7. Re1 O-O 8. Ba3 c6 9. Bxd6 Qxd6 10. Ne5 Nbd7 11. Nxg6 hxg6 12. e4 Nxe4 13. Bxe4 dxe4 14. Rxe4 Nf6 15. Rh4 Qd5 16. c4 Qg5 17. g3 Rad8 18. Nc3 c5 19. Ne4 Nxe4 20. Rxe4 Rd7 21. Re5 Qd8 22. Rxc5 Rxd4 23. Qf3 Qd6 24. Ra5 Qb8 25. Rd1 Rxd1+ 26. Qxd1 Rd8 27. Qf3 b6 28. Ra3 Qc7 29. Qf4 Qxf4 30. gxf4 a5 31. c5 bxc5 32. Rxa5 Rd2 33. Rxc5 Rxa2 34. Kg2 Kf8 35. Rc8+ Ke7 36. b4 Rb2 37. Rb8 Rb3 38. f3 Kf6 39. Kg3 g5 40. fxg5+ Kxg5 41. Rb7 Kf6 42. Kg4 g5 43. b5 Kg6 44. h3 Rb1 45. Kg3 Kf6 46. b6 Rb2 47. Rb8 Kf5 48. Rb7 f6 49. Rb8 e5 50. b7 Rb3 51. Kg2 Kf4 52. Rf8 Rb2+ 53. Kf1 Rxb7 54. Rxf6+ Kg3 55. Rf5 Kxh3 56. Rxg5 Re7 57. Kf2 Kh4 58. Rg4+ Kh5 59. Ke3 Re8 60. Ke4 Re7 61. Ke3 Re8 1/2-1/2

[Event "4NCL Online Division 4"]
[Site "online"]
[Date "2021.03.09"]
[EventDate "2021.03.09"]
[Round "4.101"]
[White "Duckers, Harvey L"]
[WhiteElo "2065"]
[WhiteTeam "Crowthorne 1"]
[Black "Rizvi, Nasir"]
[BlackElo "2021"]
[BlackTeam "4 Gems"]
[Result "1-0"]
[PlyCount "93"]

1. c4 g6 2. Nc3 Bg7 3. d4 Nf6 4. e4 O-O 5. Be3 d6 6. f3 Nc6 7. Qd2 a6 8. Nge2 Rb8 9. Nc1 e5 10. Nb3 exd4 11. Nxd4 Bd7 12. Be2 Re8 13. O-O Nh5 14. Rad1 Nxd4 15. Bxd4 Bxd4+ 16. Qxd4 Nf4 17. g3 Nxe2+ 18. Nxe2 b5 19. c5 Be6 20. cxd6 Bc4 21. Rf2 cxd6 22. Nc3 Qa5 23. b3 Be6 24. Nd5 Bxd5 25. Qxd5 Rbd8 26. Rc2 Re5 27. Qd4 Re6 28. Kg2 Rde8 29. Rdd2 h5 30. Rc6 f5 31. Rxd6 fxe4 32. fxe4 Qc7 33. Rd7 Qe5 34. Qxe5 Rxe5 35. R2d6 Rxe4 36. Rxg6+ Kf8 37. Rh6 Kg8 38. Rxa6 h4 39. Rg6+ Kh8 40. Rh6+ Kg8 41. Rb6 hxg3 42. hxg3 b4 43. Ra7 Rd8 44. Kf3 Red4 45. Rf6 Rd1 46. Kg4 Rg1 47. Rb6 1-0

[Event "4NCL Online Division 4"]
[Site "online"]
[Date "2021.03.09"]
[EventDate "2021.03.09"]
[Round "4.102"]
[White "Whelan, Joseph"]
[WhiteElo "1515"]
[WhiteTeam "4 Gems"]
[Black "Johnson, Derek R"]
[BlackElo "2020"]
[BlackTeam "Crowthorne 1"]
[Result "0-1"]
[PlyCount "91"]

1. e4 c5 2. Nf3 d6 3. Bc4 Nf6 4. c3 e6 5. O-O Be7 6. Re1 O-O 7. d4 d5 8. exd5 exd5 9. Bd3 Nc6 10. Bg5 cxd4 11. cxd4 Bg4 12. Bxf6 Bxf6 13. Nc3 Nxd4 14. h3 Nxf3+ 15. gxf3 Bxh3 16. Nxd5 Be6 17. Nxf6+ Qxf6 18. Qd2 Rfd8 19. Rad1 Rd5 20. f4 Rh5 21. Be4 Qh4 22. Bf3 Qh2+ 23. Kf1 Bc4+ 24. Re2 g6 25. Qd4 Bxe2+ 26. Kxe2 Rf5 27. Be4 Re8 28. Qa4 b5 29. Qd4 Qxf4 30. Kd3 Rf6 31. Bd5 Qxf2 32. Qxf2 Rxf2 33. Rc1 Rd8 34. Ke3 Rf5 35. Bb3 a5 36. a4 bxa4 37. Bxa4 Rb8 38. Rc2 Rb4 39. Rc8+ Kg7 40. Bd7 Rd5 41. Rc7 Rb6 42. Ke4 Rd2 43. Ke3 Rdxb2 44. Kd4 Rb7 45. Rxb7 Rxb7 46. Bc6 0-1

[Event "4NCL Online Division 4"]
[Site "online"]
[Date "2021.03.09"]
[EventDate "2021.03.09"]
[Round "4.103"]
[White "Taylor, Mark V"]
[WhiteElo "1841"]
[WhiteTeam "Crowthorne 1"]
[Black "Gogia, Abeer"]
[BlackElo "1413"]
[BlackTeam "4 Gems"]
[Result "1-0"]
[PlyCount "77"]

1. d4 d5 2. Nc3 Nf6 3. Bg5 e6 4. e4 dxe4 5. Nxe4 Be7 6. Bxf6 Bxf6 7. Nf3 Nc6 8. c3 b6 9. Bd3 Bb7 10. Qc2 h6 11. O-O-O Qe7 12. Kb1 O-O-O 13. Rhe1 Rhe8 14. Qe2 Kb8 15. Bb5 Qd7 16. Qc4 Re7 17. d5 Na5 18. Qa4 Qc8 19. Nxf6 gxf6 20. Qb4 Red7 21. Bxd7 Rxd7 22. dxe6 Rxd1+ 23. Rxd1 Qxe6 24. Qf8+ Bc8 25. Qxh6 Qe2 26. Qd2 Qe7 27. Re1 Qc5 28. Nd4 Nc4 29. Qe2 Ba6 30. Qe8+ Bc8 31. Qxf7 Nd2+ 32. Kc1 Qg5 33. Re3 Nf1 34. Qe8 Nxe3 35. Qxe3 Qxg2 36. Qf4 f5 37. h4 Qf1+ 38. Kc2 Qh3 39. Nb5 1-0

[Event "4NCL Online Division 4"]
[Site "online"]
[Date "2021.03.09"]
[EventDate "2021.03.09"]
[Round "4.104"]
[White "Rizvi, Zara"]
[WhiteElo "1307"]
[WhiteTeam "4 Gems"]
[Black "Green, George D A"]
[BlackElo "1797"]
[BlackTeam "Crowthorne 1"]
[Result "0-1"]
[PlyCount "86"]

1. d4 Nf6 2. c4 e6 3. Nc3 Bb4 4. Bg5 h6 5. Bxf6 Qxf6 6. Nf3 O-O 7. e3 b6 8. Bd3 Bb7 9. O-O Nc6 10. Qc2 Ne7 11. Qe2 d5 12. cxd5 exd5 13. a3 Bxc3 14. bxc3 Nf5 15. e4 dxe4 16. Bxe4 Rfe8 17. Nd2 Nxd4 18. cxd4 Qxd4 19. Rfe1 f5 20. Bd5+ Qxd5 21. Qc4 Qxc4 22. Nxc4 Rad8 23. h3 f4 24. Rad1 Ba6 25. Rxd8 Rxd8 26. Ne5 Re8 27. Nf3 Rxe1+ 28. Nxe1 Kf7 29. g3 g5 30. Kg2 Bb7+ 31. Kh2 c5 32. gxf4 gxf4 33. Nd3 f3 34. Kg3 Kf6 35. Ne1 c4 36. Nxf3 Bxf3 37. Kxf3 Kf5 38. Ke3 Ke5 39. Kd2 b5 40. Kc3 Kf4 41. Kb4 Kf3 42. Kxb5 c3 43. Kb4 c2 0-1